00754pam a22002057a 4500003000400000005001700004008004100021017004500062020001800107040001400125100003100139245010600170260007500276300002000351490002700371504002800398650003700426650003400463650005100497OSt20151127131901.0150123s2014 spc 000 0 spa|d aDL B 23038-2014bBiblioteca de Catalunya a9788447539079 bcatcCDMR1 aSemir, Vladimir de,d1948-10aDecir la ciencia b: divulgación y periodismo científico de Galileo a Twitter cVladimir de Semir aBarcelona bUniversitat de Barcelona, Publicacions i EdicionscDL 2014 a319 p. ;c24 cm aPeriodismo activo ;v4 aBibliografia p. 317-319 7aDivulgació científica2lemac 7aPeriodisme científic2lemac 7aPeriodismexInnovacions tecnològiques2lemac